| 000 | 00571nai a2200169Ia 4500 | ||
|---|---|---|---|
| 003 | IN-BaIIA | ||
| 008 | 211028c9999 xx s 000 0 eng d | ||
| 022 | _a1540-5885 (Online) | ||
| 040 | _cIIA Library | ||
| 245 | 4 |
_aThe Journal of Product Innovation Management _h[eJournal] |
|
| 260 |
_aNew Jersey _bJohn Wiley & Sons |
||
| 310 | _aBimonthly | ||
| 362 | _a14(1); 1997 - Present | ||
| 521 | _bSubscribed through National Knowledge Resource Consortium (NKRC) | ||
| 856 |
_uhttps://onlinelibrary.wiley.com/journal/15405885 _yClick Here to Access eJournal |
||
| 942 | _cEJ | ||
| 999 |
_c35792 _d35792 |
||